Phác thảo buổi đầu văn xuôi Quốc ngữ /

Guardado en:
Detalles Bibliográficos
Autor principal: Phong Lê
Formato: Artículo
Lenguaje:Vietnamese
Materias:
Etiquetas: Agregar Etiqueta
Sin Etiquetas, Sea el primero en etiquetar este registro!
Thư viện lưu trữ: Thư viện Trường Đại học Đà Lạt
LEADER 00749nam a2200265 4500
001 DLU040000169
040 # # |a DLU  |b vie 
041 # # |a vie 
044 # # |a vn 
100 # # |a Phong Lê 
245 # # |a Phác thảo buổi đầu văn xuôi Quốc ngữ /  |c Phong Lê 
653 # # |a Nửa sau thế kỉ XIX 
653 # # |a Văn học cận đại 
653 # # |a Văn xuôi 
773 # # |a Tạp chí Văn học.  |g  Số 11(357) tháng 11 - 2001, tr. 15 - 24 
920 # # |a Phòng Tạp chí -- Trung tâm Thông tin - Thư viện Trường Đại học Đà Lạt 
933 # # |a NV 
994 # # |a DLU 
900 # # |a True 
911 # # |a Nguyễn Năng Hải 
925 # # |a G 
926 # # |a A 
927 # # |a BB 
980 # # |a Thư viện Trường Đại học Đà Lạt